| 000 | 00553nam a2200169 i 4500 | ||
|---|---|---|---|
| 001 | 21216 | ||
| 003 | ES-MaACL | ||
| 005 | 20230906152435.0 | ||
| 007 | t| | ||
| 008 | 021122s1971 sp ||||1| spa d | ||
| 100 | 1 |
_aAgramont, Jaume d'. _918585 |
|
| 245 | 1 | 0 |
_aRégimen de preservación de pestilencia _b: (s. XIV) / _cJaume d'Agramont, Joan Veny i Clar. |
| 260 |
_aTarragona : _bDiputación Provincial, _c[1971] |
||
| 300 |
_a197 p., 3 lám : _b1 map. pleg. ; _c24 cm. |
||
| 700 | 1 |
_aVeny i Clar, Joan. _9113932 |
|
| 852 |
_aES-MaACL _jC-43312 _bR.81678 |
||
| 999 |
_c21216 _d21216 |
||